| 000 | 00432cam a22001217a 4500 | ||
|---|---|---|---|
| 008 | 180718b1981 xxu||||| |||| 00| 0 eng d | ||
| 082 | _aB53 M278 | ||
| 100 | _aAntulay, A.R. | ||
| 245 |
_aDemocracy: Parliamentary or Presidential? _cby A.R. Antulay |
||
| 260 |
_aBombay _bDirectorate General of Informaiton and Public Relations _c1981 |
||
| 300 | _a145p. | ||
| 700 | _aMaharashtra. Directorate General of Information and Public Relations | ||
| 999 |
_c488414 _d488414 |
||